Пропуск в контексте

Характеристика структур интегральной индивидуальности студентов с различной мотивацией выбора высшего профессионального образования

Монография посвящена определению влияния свойств субъекта на особенности становления структур интегральной индивидуальности студентов в образовательном пространстве. Адресуется научным работникам, преподавателям вузов, психологам и педагогам образовательных организаций....

Fuld beskrivelse

Сохранить в:
Bibliografiske detaljer
Hovedforfatter: Коблева А. Л.
Format: Книга
Sprog:Russian
Udgivet: Ставрополь СГПИ 2024
Online adgang:https://e.lanbook.com/book/414713
https://e.lanbook.com/img/cover/book/414713.jpg
Tags: Tilføj Tag
Ingen Tags, Vær først til at tagge denne postø!
LEADER 01612nam0a2200265 i 4500
001 414713
003 RuSpLAN
005 20240610160104.0
008 240610s2024 ru gs 000 0 rus
040 |a RuSpLAN 
041 0 |a rus 
044 |a ru 
080 |a 378 
084 |a 88.6  |2 rubbk 
245 0 0 |a Характеристика структур интегральной индивидуальности студентов с различной мотивацией выбора высшего профессионального образования  |c Коблева А. Л. 
260 |a Ставрополь  |b СГПИ  |c 2024 
300 |a 91 с. 
504 |a Библиогр.: доступна в карточке книги, на сайте ЭБС Лань 
520 8 |a Монография посвящена определению влияния свойств субъекта на особенности становления структур интегральной индивидуальности студентов в образовательном пространстве. Адресуется научным работникам, преподавателям вузов, психологам и педагогам образовательных организаций. 
521 8 |a Книга из коллекции СГПИ - Психология. Педагогика 
521 8 |a СЭБ 
100 1 |a Коблева А. Л. 
856 4 |u https://e.lanbook.com/book/414713 
856 4 8 |u https://e.lanbook.com/img/cover/book/414713.jpg 
953 |a https://e.lanbook.com/img/cover/book/414713.jpg